| 000 | 00641nam a2200229Ia 4500 | ||
|---|---|---|---|
| 005 | 20260320201829.0 | ||
| 008 | 008 262003s9999 xx 000 0 eng d | ||
| 037 | _aEBOOK | ||
| 040 | _aCRL | ||
| 040 | _beng | ||
| 040 | _cCRL | ||
| 041 | _2eng | ||
| 041 | _aeng | ||
| 084 | _qCRL | ||
| 100 | _aKirk | ||
| 245 | 0 | _aDeciphering Object-Oriented Programming with C++: A practical, in-depth guide to implementing object-oriented design principles to create robust code | |
| 260 | _bIEEE | ||
| 856 | _uhttps://ieeexplore.ieee.org/servlet/opac?bknumber=10163016 | ||
| 942 | _cEBOOK | ||
| 999 |
_c1723781 _d1723781 |
||